| 000 | 00350nam a22001337a 4500 | ||
|---|---|---|---|
| 008 | 230606b xxu||||| |||| 00| 0 eng d | ||
| 020 | _a0406570515 | ||
| 082 |
_a344.2 _bCRO |
||
| 100 | _cRichard Card | ||
| 245 |
_aIntroduction to Criminal Law _bTenth edition |
||
| 260 |
_bButterworth & Co ltd _c1949,1948,1959,1953 |
||
| 300 | _a550p | ||
| 942 |
_2ddc _cBK |
||
| 999 |
_c468 _d468 |
||